Paroles - La ballade de Jim - Alain Souchon - Statistiques

Statistiques générales
  • Ce quiz a été pris 318 fois
  • Le résultat moyen est 149 sur 191
Statistiques - réponses
Paroles % Correct
Jim
100%
le
99%
Le
99%
sa
98%
a
97%
La
97%
la
97%
Là-
97%
les
97%
Les
97%
par
97%
dans
96%
de
96%
est
96%
Jimmy
96%
elle
94%
Elle
94%
en
93%
et
93%
Sur
93%
sûr
93%
sur
93%
du
91%
Comme
90%
partie
90%
ta
90%
bas
89%
Chrysler
89%
cuir
89%
nerfs
88%
son
86%
tu
86%
attention
84%
mais
84%
mer
84%
pas
84%
l'air
83%
pleures
83%
pour
83%
Pour
83%
rond
83%
soleil
83%
tourne
83%
terre
82%
t'es
82%
boit
81%
veut
81%
C'est
80%
fort
80%
gin
80%
revolvers
79%
Tomber
78%
ses
76%
un
76%
lui
74%
l'alcool
73%
mourir
73%
sauter
73%
il
72%
Il
72%
coeur
70%
filles
70%
si
70%
plaire
69%
soir
67%
sont
66%
yeux
66%
sourit
65%
était
64%
L’infirmière
63%
alcool
62%
héroïne
61%
corniche
60%
disant
60%
profond
60%
s'envole
60%
verts
60%
ange
59%
chambre
58%
encore
58%
nénuphars
58%
que
58%
d'hôpital
57%
pleurniche
57%
serrait
57%
Hier
55%
d'une
53%
sans
53%
trop
53%
va
53%
vite
52%
s'écroule
50%
bord
49%
Boum
49%
paradis
49%
bébé
48%
clair
48%
Avec
47%
hors-
47%
sent
47%
voulait
47%
calmant
46%
con
46%
idéal
46%
parfum
46%
boulevard
44%
bronze
44%
starlette
43%
bossait
42%
fougères
42%
presqu'île,
42%
rire
41%
s'éveille
39%
Depuis
36%
ans
32%
deux
32%
gravier
22%
lacets,
22%
Aucun quiz correspondant
Distribution des résultats
% des personnes avec chaque résultat
Percentile par nombre de réponses
Votre historique - résultats
Vous n’avez pas pris ce quiz